000 00564nam a2200229Ia 4500
008 210210b1959 xxu||||| |||| 00| 0 eng d
041 _aeng
082 _a311/7
100 _aASTHANA (B N)
245 _aElements of statistics
_bSolutions to numerical questions
260 _aAlahabad
_bChaitanya Publishing House
_c1959
300 _a197
650 _ato
650 _astatistics
650 _aSolutions
650 _aquestions
650 _aof
650 _anumerical
650 _aElements
690 _aMathematical Statistics
906 _a001713
999 _c116581
_d116581